[Event "AUTO-INT-1498"]
[Site "http://www.queenalice.com/game.php?id=783827"]
[Date "2010.6.1"]
[Round "2"]
[White "chessfourme"]
[Black "DanizinhaBH"]
[Result "1-0"]
[WhiteElo "1941"]
[BlackElo "1754"]

1. Nf3 d5 2. d4 Nc6 3. c3 Bf5 4. Bf4 Nf6 5. e3 a6 6. Bd3 Bg4 7. Nbd2 Bxf3 8.
Nxf3 h6 9. O-O e6 10. Qa4 Qd7 11. Qb3 Bd6 12. Bxd6 Qxd6 13. h3 b5 14. Qc2 g6 15.
Rfe1 Ne7 16. Ne5 c5 17. Be2 cxd4 18. exd4 Rc8 19. Bd3 Nf5 20. Qe2 Nd7 21. Nxd7
Kxd7 22. Rac1 g5 23. Qg4 1-0

[Event "AUTO-INT-1498"]
[Site "http://www.queenalice.com/game.php?id=783828"]
[Date "2010.6.1"]
[Round "2"]
[White "DanizinhaBH"]
[Black "chessfourme"]
[Result "0-1"]
[WhiteElo "1763"]
[BlackElo "1932"]

1. e4 c5 2. Nf3 a6 3. Nc3 Nc6 4. d4 cxd4 5. Nxd4 e5 6. Nf3 Nf6 7. Bg5 Be7 8.
Bxf6 Bxf6 9. a3 d6 10. Nd5 Be7 11. Bd3 O-O 12. h3 Be6 13. c4 f5 14. Qc2 f4 15.
O-O Qc8 16. Nb6 Qb8 17. b4 Ra7 18. Qc3 Qc7 19. Nd5 Bxd5 20. exd5 Nd8 21. a4 Bf6
22. Be4 Nf7 23. h4 Qd8 24. c5 Bxh4 25. Rfc1 Be7 0-1

[Event "AUTO-INT-1528"]
[Site "http://www.queenalice.com/game.php?id=796512"]
[Date "2010.6.29"]
[Round "2"]
[White "goldaric"]
[Black "chessfourme"]
[Result "1-0"]
[WhiteElo "1995"]
[BlackElo "1928"]

1. e4 c5 2. Nf3 a6 3. d4 cxd4 4. Nxd4 e5 5. Nb3 Nf6 6. Bg5 Be7 7. Nc3 O-O 8. Be2
Nc6 9. Bxf6 Bxf6 10. Nd5 Bg5 11. a4 d6 12. a5 f5 13. Nd2 Be6 14. Nc4 Nd4 15. Bf3
Rc8 16. c3 Nxf3+ 17. Qxf3 fxe4 18. Qxe4 Rc5 19. Nce3 Bxe3 20. Nxe3 Qf6 21. O-O
d5 22. Qb4 Rb5 23. Qa3 Rc8 24. Rfd1 Rf8 25. Rf1 Qg6 26. Rad1 Qe4 27. Qe7 Bf5 28.
Nxf5 Qxf5 29. b4 b6 30. axb6 Rxb6 31. Rxd5 Re6 32. Qc5 Rfe8 33. f4 Rg6 34. Rxe5
Rxe5 35. fxe5 1-0

[Event "AUTO-INT-1528"]
[Site "http://www.queenalice.com/game.php?id=796513"]
[Date "2010.6.29"]
[Round "2"]
[White "chessfourme"]
[Black "goldaric"]
[Result "0-1"]
[WhiteElo "1942"]
[BlackElo "1981"]

1. Nf3 Nc6 2. d4 e6 3. Bf4 Nf6 4. c3 Be7 5. e3 d5 6. Bb5 Bd7 7. Nbd2 O-O 8. O-O
Na5 9. Bxd7 Nxd7 10. Qc2 c5 11. a3 Nf6 12. Ne5 c4 13. b4 Nc6 14. b5 Na5 15. a4
b6 16. Rfe1 Rc8 17. e4 Nh5 18. Be3 Bg5 19. Qd1 Bxe3 20. Rxe3 Qg5 21. Nef3 Qg6
22. Ne5 Qg5 23. exd5 exd5 24. Qg4 Qxg4 25. Nxg4 Nf4 26. Re7 Ra8 27. h3 Nd3 28.
Ne5 Rfe8 29. Rxe8+ Rxe8 30. Nef3 Re6 31. Kf1 f6 32. Ne1 Kf7 33. Nxd3 cxd3 34.
Re1 Nc4 35. Rxe6 Kxe6 36. g4 Nxd2+ 37. Ke1 Ne4 0-1

[Event "AUTO-INT-1528"]
[Site "http://www.queenalice.com/game.php?id=796516"]
[Date "2010.6.29"]
[Round "2"]
[White "chessfourme"]
[Black "cereus"]
[Result "0-1"]
[WhiteElo "1924"]
[BlackElo "2412"]

1. Nf3 Nf6 2. d4 e6 3. Bg5 h6 4. Bh4 c5 5. e4 g5 6. Bg3 Nxe4 7. Nbd2 Nxg3 8.
fxg3 Bg7 9. c3 g4 10. Ng1 cxd4 11. Qxg4 Qg5 12. Qxg5 hxg5 13. cxd4 Bxd4 14.
O-O-O d5 15. Ngf3 Be3 16. Bb5+ Bd7 17. Bd3 Nc6 18. Rhe1 Bb6 19. h3 Nb4 20. Nb3
Bf2 21. Re2 Rc8+ 22. Kb1 Nxd3 0-1

[Event "AUTO-INT-1528"]
[Site "http://www.queenalice.com/game.php?id=796517"]
[Date "2010.6.29"]
[Round "2"]
[White "cereus"]
[Black "chessfourme"]
[Result "1-0"]
[WhiteElo "2383"]
[BlackElo "1866"]

1. d4 d5 2. Nf3 Nf6 3. c4 Bg4 4. Qb3 b6 5. Nc3 e6 6. Ne5 dxc4 7. Qxc4 Nbd7 8.
Bg5 Be7 9. h3 Bf5 10. Nc6 Qc8 11. Nxe7 Kxe7 12. e4 h6 13. Bxf6+ gxf6 14. exf5
1-0

[Event "AUTO-INT-1498"]
[Site "http://www.queenalice.com/game.php?id=839993"]
[Date "2010.9.30"]
[Round "3"]
[White "chessfourme"]
[Black "MarTraM"]
[Result "0-1"]
[WhiteElo "1915"]
[BlackElo "2060"]

1. Nf3 Nf6 2. d4 g6 3. c4 Bg7 4. Nc3 O-O 5. Bg5 d6 6. e3 Bg4 7. Be2 h6 8. Bf4
Re8 9. O-O c6 10. h3 Bxf3 11. Bxf3 Nbd7 12. Re1 e5 13. Bh2 e4 14. Bg4 Nxg4 15.
Qxg4 Nf6 0-1

[Event "AUTO-INT-1498"]
[Site "http://www.queenalice.com/game.php?id=839994"]
[Date "2010.9.30"]
[Round "3"]
[White "MarTraM"]
[Black "chessfourme"]
[Result "1-0"]
[WhiteElo "2070"]
[BlackElo "1905"]

1. d4 d5 2. c4 Nf6 3. Nc3 g6 4. cxd5 Nxd5 5. e4 Nxc3 6. bxc3 Bg7 7. Bc4 O-O 8.
Ne2 Bg4 9. h3 Bd7 10. O-O Nc6 11. Bb5 a6 12. Bxc6 Bxc6 13. e5 Qd5 14. Nf4 Qe4
15. Qd3 Qxd3 16. Nxd3 1-0

[Event "AUTO-OPEN-3598"]
[Site "http://www.queenalice.com/game.php?id=1404014"]
[Date "2016.1.13"]
[Round "1"]
[White "chessfourme"]
[Black "Nille"]
[Result "1-0"]
[WhiteElo "1887"]
[BlackElo "1909"]

1. Nf3 d5 2. d4 Nc6 3. Bf4 Nf6 4. e3 a6 5. c4 dxc4 6. Bxc4 e6 7. O-O Bd7 8. Nc3
Bd6 9. Bg5 h6 10. Bh4 b5 11. Bb3 Na5 12. Bc2 Nc4 13. Qc1 Bc6 14. Re1 Bxf3 15.
gxf3 O-O 16. b3 Ba3 17. Qd1 Bb2 18. Bxf6 Qxf6 19. Qd3 g6 20. bxc4 Bxa1 21. Rxa1
bxc4 22. Qe2 Rab8 23. Ne4 Qf5 24. Kh1 Qb5 25. Rb1 Qc6 26. Nc3 Rb6 27. e4 Rfb8
28. Rxb6 cxb6 29. Qe3 Kg7 30. d5 exd5 31. Nxd5 Qb5 32. Qd4+ Kg8 33. Nf6+ Kf8 34.
Nd7+ Kg8 35. Nxb8 c3 36. Qd3 Qb2 37. Nxa6 Qxa2 38. Nb4 Qb2 39. Nd5 Qc1+ 40. Qd1
Qb2 41. Kg2 Kg7 42. Qd4+ Kf8 43. Qh8# 1-0

[Event "AUTO-OPEN-3598"]
[Site "http://www.queenalice.com/game.php?id=1404015"]
[Date "2016.1.13"]
[Round "1"]
[White "Nille"]
[Black "chessfourme"]
[Result "0-1"]
[WhiteElo "1874"]
[BlackElo "1858"]

1. e4 c5 2. Nf3 d6 3. Bc4 Nc6 4. h3 a6 5. d4 cxd4 6. Nxd4 Nf6 7. Nc3 Bd7 8. O-O
e6 9. a3 Be7 10. Be3 O-O 11. b4 Rc8 12. Qd2 Ne5 13. Bb3 Qc7 14. Na4 Bxa4 15.
Bxa4 Nc4 16. Qd3 Nb2 17. Qb3 Nxa4 18. Qxa4 Nxe4 19. Rfc1 Nc3 20. Qa5 e5 21. Qxc7
Rxc7 22. Kf1 exd4 23. Bxd4 Rfc8 24. Re1 Nd5 25. c3 Kf8 26. Rac1 Bf6 27. Bxf6
Nxf6 28. Red1 d5 29. Rd3 Rd7 30. f3 d4 31. c4 b6 32. a4 Nh5 33. c5 bxc5 34. bxc5
Nf4 35. Rdd1 d3 36. c6 Rdc7 37. g3 Nxh3 38. Kg2 Ng5 39. Rxd3 Rxc6 40. Rcd1 Ne6
41. f4 g6 42. Kf3 Rc4 43. a5 Ra4 44. Rd5 Rc3+ 45. Kg2 Ra2+ 46. R1d2 Rxd2+ 47.
Rxd2 Rc5 48. Ra2 Nd4 49. Ra3 Nc6 50. Kf3 Nxa5 51. Ke4 Rb5 52. Ra4 f5+ 53. Kd4
Nc6+ 54. Kc4 Nb8 55. Rxa6 Nxa6 56. Kxb5 Nc7+ 57. Kc6 Ne6 58. Kd6 Kf7 59. Ke5 Ng7
60. Kd6 Nh5 0-1

[Event "AUTO-OPEN-3598"]
[Site "http://www.queenalice.com/game.php?id=1404016"]
[Date "2016.1.13"]
[Round "1"]
[White "chessfourme"]
[Black "Manoeljoaquim"]
[Result "0-1"]
[WhiteElo "1911"]
[BlackElo "1778"]

1. Nf3 Nf6 2. d4 g6 3. c4 Bg7 4. Nc3 d5 5. Bg5 dxc4 6. e3 Be6 7. Be2 h6 8. Bf4
Nh5 9. Be5 Bxe5 10. Nxe5 Nf6 11. Nxc4 Nc6 12. O-O Bxc4 13. Bxc4 Qd7 14. Qf3
O-O-O 15. Rfc1 Kb8 16. Bxf7 g5 17. Bb3 g4 18. Qe2 h5 19. Na4 h4 20. Nc5 Qd6 21.
Bc4 g3 22. h3 gxf2+ 23. Qxf2 Nh5 24. Ne4 Qg6 25. Bd3 Qg7 26. Nc5 Ng3 27. Ne6 Qh6
28. Nxd8 Rxd8 29. Be4 Nxe4 30. Qe2 Ng3 31. Qd3 e5 32. d5 e4 33. Qd2 Nf5 34. Rc3
a6 35. Rd1 Nb4 36. Rb3 Nd3 37. Rxd3 exd3 38. Qxd3 Qxe3+ 39. Qxe3 Nxe3 40. Rd4
Rxd5 41. Rxh4 Rd1+ 0-1

[Event "AUTO-OPEN-3598"]
[Site "http://www.queenalice.com/game.php?id=1404017"]
[Date "2016.1.13"]
[Round "1"]
[White "Manoeljoaquim"]
[Black "chessfourme"]
[Result "1-0"]
[WhiteElo "1790"]
[BlackElo "1890"]

1. e4 c5 2. Nf3 d6 3. Bc4 Nc6 4. d4 cxd4 5. Nxd4 Nf6 6. Nxc6 bxc6 7. Nc3 Bg4 8.
f3 Bh5 9. Bd2 e6 10. Qe2 Be7 11. O-O O-O 12. Kh1 Qc7 13. Qf2 d5 14. exd5 cxd5
15. Bd3 Bd6 16. f4 a6 17. Qh4 Be7 18. Qg3 Bd6 19. Qh3 Rfb8 20. b3 Bb4 21. Rac1
Bxc3 22. Bxc3 Bg6 23. Bxf6 gxf6 24. f5 exf5 25. Bxf5 Qd6 26. Qf3 Rb6 27. c4 Qd8
28. Rcd1 d4 29. Rxd4 Qe8 30. Bd7 Qb8 31. c5 Rb7 32. Bc6 Rba7 33. Bxa8 Rxa8 34.
Qxf6 Qf8 35. c6 Rc8 36. Qf3 Qc5 37. Rfd1 Qxc6 38. Rd8+ Kg7 39. Rxc8 Qxc8 40. h3
Qc2 41. Qd5 Qc3 42. Qd4+ Qxd4 43. Rxd4 1-0

[Event "AUTO-OPEN-3598"]
[Site "http://www.queenalice.com/game.php?id=1404018"]
[Date "2016.1.13"]
[Round "1"]
[White "chessfourme"]
[Black "TITAN10"]
[Result "1-0"]
[WhiteElo "1870"]
[BlackElo "1892"]

1. Nf3 Nf6 2. d4 e6 3. Bg5 Be7 4. e3 O-O 5. Bd3 h6 6. Bf4 c5 7. c3 d5 8. Nbd2
Nc6 9. O-O c4 10. Bc2 Bd6 11. Bxd6 Qxd6 12. Re1 Ne7 13. e4 Qc6 14. e5 Ne8 15. a4
a5 16. h3 f5 17. exf6 Nxf6 18. Ne5 Qe8 19. Ndf3 Nd7 20. b3 Nxe5 21. Nxe5 Nc6 22.
Bg6 Qe7 23. bxc4 Nxe5 24. Rxe5 Rf6 25. Bd3 Qf7 26. Re2 Bd7 27. Qc2 Rf8 28. f3
Bc6 29. c5 Qd7 30. Rae1 Bxa4 31. Qb2 Bc6 32. Bc2 a4 33. Qa2 Bb5 34. Re3 Bc6 35.
Ra1 Ra8 36. Bb1 Bb5 37. Bd3 Bc6 38. c4 Qe8 39. cxd5 Bxd5 40. Bc4 Bxc4 41. Qxc4
Qd7 42. Rd3 Qc6 43. d5 exd5 44. Rxd5 b6 45. Rd6+ 1-0

[Event "AUTO-OPEN-3598"]
[Site "http://www.queenalice.com/game.php?id=1404019"]
[Date "2016.1.13"]
[Round "1"]
[White "TITAN10"]
[Black "chessfourme"]
[Result "1-0"]
[WhiteElo "1870"]
[BlackElo "1904"]

1. e4 c5 2. Nf3 d6 3. Bc4 Nc6 4. c3 a6 5. h3 Nf6 6. d3 e6 7. Bg5 Be7 8. O-O O-O
9. Re1 h6 10. Bh4 b5 11. Bb3 Bb7 12. Nbd2 a5 13. d4 cxd4 14. cxd4 Rc8 15. Rc1
Nb4 16. Rxc8 Bxc8 17. Nf1 Bb7 18. a3 Nc6 19. Qc2 Re8 20. Rc1 Qb6 21. Rd1 Rc8 22.
Qd3 Ba6 23. Qb1 b4 24. a4 Qb7 25. e5 Ne8 26. Bxe7 Nxe7 27. Ng3 d5 28. Rc1 Ng6
29. Rxc8 Qxc8 30. Qc2 Bc4 31. Nd2 Ba6 32. Qxc8 Bxc8 33. Ne2 Ba6 34. Bd1 Bxe2 35.
Bxe2 Nf4 36. Bb5 Kf8 37. Kf1 Nc7 38. Be2 Nxe2 39. Kxe2 Na8 40. b3 Nc7 41. f4 Ke7
42. g4 f5 43. exf6+ Kxf6 44. Nf3 Ne8 45. h4 Nd6 46. Ne5 Ne4 47. Nc6 Nc3+ 48. Kd3
Nd1 49. Ke2 Nc3+ 50. Kd3 Nd1 51. Ke2 Nc3+ 52. Kd3 Ne4 53. Nxa5 Nf2+ 54. Ke2 Nxg4
55. Nc6 Kf5 56. a5 Ke4 57. a6 1-0

[Event "AUTO-ADV-3572"]
[Site "http://www.queenalice.com/game.php?id=1404072"]
[Date "2016.1.13"]
[Round "1"]
[White "EcheKiel"]
[Black "chessfourme"]
[Result "1-0"]
[WhiteElo "1614"]
[BlackElo "1875"]

1. e4 c5 2. Bc4 e6 3. d3 Nc6 4. Nh3 Nf6 5. Bg5 Be7 6. O-O O-O 7. f4 d5 8. Bb3
dxe4 9. Nc3 exd3 10. cxd3 Nd4 11. Ne4 Nxe4 12. dxe4 b6 13. Bxe7 Qxe7 14. f5 exf5
15. Qh5 h6 16. exf5 Qe3+ 17. Rf2 Bxf5 18. Kh1 Nxb3 19. Raf1 Bg6 20. Qd5 Nd4 21.
Nf4 Be4 22. Qc4 Nc6 23. Re2 1-0

[Event "AUTO-ADV-3572"]
[Site "http://www.queenalice.com/game.php?id=1404073"]
[Date "2016.1.13"]
[Round "1"]
[White "chessfourme"]
[Black "EcheKiel"]
[Result "0-1"]
[WhiteElo "1849"]
[BlackElo "1640"]

1. Nf3 Nc6 2. d4 d5 3. Bf4 f6 4. e3 Bg4 5. Be2 Bxf3 6. Bxf3 e5 7. Bg3 Bd6 8. Nc3
exd4 9. exd4 Nxd4 10. Qxd4 Bxg3 11. fxg3 Ne7 12. O-O-O c6 13. Rhe1 O-O 14. Qe3
Ng6 15. Qc5 Re8 16. Qd4 Ne5 17. Re2 Nxf3 18. Rxe8+ Qxe8 19. gxf3 Qh5 20. Qe3 Re8
21. Qf2 f5 22. f4 b5 23. h4 h6 0-1

[Event "AUTO-ADV-3572"]
[Site "http://www.queenalice.com/game.php?id=1404088"]
[Date "2016.1.13"]
[Round "1"]
[White "chessfourme"]
[Black "BOSQUES"]
[Result "0-1"]
[WhiteElo "1887"]
[BlackElo "1919"]

1. Nf3 c5 2. c4 d6 3. Nc3 a6 4. g3 b6 5. Bg2 Bb7 6. O-O Nf6 7. d4 cxd4 8. Nxd4
Bxg2 9. Kxg2 g6 10. e4 Bg7 11. Be3 O-O 12. Qf3 Nbd7 13. Rad1 Ne5 14. Qe2 Rc8 15.
b3 Nfg4 16. Bf4 Qc7 17. h3 Nf6 18. Bxe5 dxe5 19. Nf3 h6 20. Rd2 Qb7 21. Rfd1 Qc6
22. Nxe5 Qa8 23. Nf3 b5 24. Nd5 bxc4 25. bxc4 Kh7 26. Nb6 Qb7 27. Nd5 e6 28. Nf4
Nxe4 29. Rd7 Qc6 30. Qd3 Kh8 31. Ne2 Nc5 0-1

[Event "AUTO-ADV-3572"]
[Site "http://www.queenalice.com/game.php?id=1404089"]
[Date "2016.1.13"]
[Round "1"]
[White "BOSQUES"]
[Black "chessfourme"]
[Result "1-0"]
[WhiteElo "1934"]
[BlackElo "1872"]

1. d4 d5 2. c4 Nf6 3. Nc3 Bf5 4. Bg5 e6 5. cxd5 Be7 6. dxe6 Bxe6 7. Nf3 O-O 8.
e3 Nc6 9. a3 Bg4 10. Be2 a6 11. O-O h6 12. Bf4 Bd6 13. Bxd6 Qxd6 14. Rc1 Rfe8
15. h3 Bf5 16. Re1 Ne4 17. Bd3 Nxc3 18. Rxc3 Be4 19. Bxe4 Rxe4 20. d5 Ne5 21.
Nxe5 Rxe5 22. f4 Rxd5 23. Qc2 c6 24. Re2 Rd8 25. Kh2 Rd2 26. Rxd2 Qxd2 27. Qb3
Qf2 28. Qxb7 Rd2 29. Qxc6 Rxb2 30. Qe8+ Kh7 31. Qe4+ g6 32. Rc7 1-0